[Event "American op 51st 3-day G/60"]
[Site "Orange"]
[Date "2015.11.27"]
[Round "3"]
[White "Nasri, Amin"]
[Black "Movsisyan, Movses"]
[Result "1/2-1/2"]
[WhiteElo "2292"]
[BlackElo "2244"]
[PlyCount "53"]
[EventDate "2015.11.27"]
[EventType "swiss (rapid)"]
[EventRounds "4"]
[EventCountry "USA"]
[SourceTitle "EXT 2017"]
[Source "ChessBase"]
[SourceDate "2016.10.25"]
[SourceVersion "1"]
[SourceVersionDate "2016.10.25"]
[SourceQuality "1"]

1. d4 Nf6 2. c4 g6 3. Nc3 d5 4. Bf4 Bg7 5. Rc1 0-0 6. e3 c5 7. dxc5 Be6 8. Qb3 Na6 9. cxd5 Nxd5 10. Qa3 Bxc3+ 11. Rxc3 Nxc3 12. Qxc3 f6 13. Bh6 Rf7 14. Bxa6 bxa6 15. Nf3 Bxa2 16. 0-0 Qd5 17. Rc1 e5 18. Nd2 Rc8 19. e4 Qe6 20. Be3 Rb7 21. Qa3 Bb3 22. h3 Rc6 23. Qa5 Qc8 24. Nxb3 Rxb3 25. Rd1 Rb8 26. Rb1 Qc7 27. Qa4 1/2-1/2

[Event "Oklahoma State-ch"]
[Site "Stillwater"]
[Date "2008.11.09"]
[Round "4"]
[White "Langer, Mikhail"]
[Black "Movsisyan, Movses"]
[Result "1/2-1/2"]
[WhiteElo "2269"]
[BlackElo "2215"]
[PlyCount "104"]
[EventDate "2008.11.08"]
[EventType "swiss"]
[EventRounds "5"]
[EventCountry "USA"]
[SourceTitle "CBM 127 Extra"]
[Source "ChessBase"]
[SourceDate "2009.01.08"]
[SourceVersion "2"]
[SourceVersionDate "2009.01.28"]
[SourceQuality "1"]

1. e4 c5 2. d3 Nc6 3. g3 d5 4. Nd2 Nf6 5. Bg2 g6 6. Ngf3 Bg7 7. 0-0 0-0 8. Re1 dxe4 9. dxe4 Be6 10. Ng5 Bg4 11. f3 Bc8 12. c3 Ne5 13. Qe2 Qd3 14. Nb3 h6 15. Bf4 Qxe2 16. Rxe2 Nd3 17. Nh3 Bxh3 18. Bxh3 Nxf4 19. gxf4 Nh5 20. Rd2 Nxf4 21. Bf1 b6 22. Rd7 e6 23. Rad1 Bf6 24. Nd2 Rfd8 25. Nc4 Bd4+ 26. R7xd4 cxd4 27. cxd4 Rac8 28. a4 Rc7 29. Kf2 g5 30. b3 f6 31. Rd2 Kf7 32. Rd1 a6 33. Nxb6 Rc2+ 34. Ke1 Rb2 35. Bxa6 Rxb3 36. a5 Rxf3 37. Bf1 Ra3 38. a6 Rd6 39. Nc4 Raxa6 40. Nxd6+ Rxd6 41. Kf2 Ke7 42. Ke3 Rb6 43. Rd2 Rb3+ 44. Kf2 h5 45. Ra2 Nd3+ 46. Bxd3 Rxd3 47. Ra7+ Kf8 48. Ra4 Kf7 49. h4 gxh4 50. d5 exd5 51. exd5 Rxd5 52. Rxh4 Ke6 1/2-1/2

[Event "Stillwater Winter op"]
[Site "Oklahoma"]
[Date "2008.02.18"]
[Round "6"]
[White "Langer, Mikhail"]
[Black "Movsisyan, Movses"]
[Result "0-1"]
[WhiteElo "2314"]
[BlackElo "2247"]
[PlyCount "50"]
[EventDate "2008.02.16"]
[EventType "swiss"]
[EventRounds "7"]
[EventCountry "USA"]
[SourceTitle "CBM 122 Extra"]
[Source "ChessBase"]
[SourceDate "2008.03.04"]
[SourceVersion "1"]
[SourceVersionDate "2008.03.04"]
[SourceQuality "1"]

1. e4 e5 2. Nf3 Nc6 3. Bc4 Nf6 4. d3 Bc5 5. 0-0 d6 6. Bb3 Bg4 7. c3 Bb6 8. Nbd2 0-0 9. Re1 Re8 10. Nc4 h6 11. Be3 Qd7 12. Ba4 Bxe3 13. Nxe3 a6 14. Nd5 Qd8 15. Nb4 Bd7 16. Nxc6 Bxc6 17. Bxc6 bxc6 18. Qa4 c5 19. Nd2 Qd7 20. Qa5 Qb5 21. Qxc7 Rac8 22. Qxd6 Re6 23. a4 Qxb2 24. Nc4 Qxc3 25. Rec1 Qxc4 0-1

[Event "Stillwater Winter op"]
[Site "Oklahoma"]
[Date "2008.02.18"]
[Round "7"]
[White "Movsisyan, Movses"]
[Black "Orton, William R"]
[Result "1/2-1/2"]
[WhiteElo "2247"]
[BlackElo "2158"]
[PlyCount "33"]
[EventDate "2008.02.16"]
[EventType "swiss"]
[EventRounds "7"]
[EventCountry "USA"]
[SourceTitle "CBM 122 Extra"]
[Source "ChessBase"]
[SourceDate "2008.03.04"]
[SourceVersion "1"]
[SourceVersionDate "2008.03.04"]
[SourceQuality "1"]

1. e4 c5 2. Nf3 Nc6 3. d4 cxd4 4. Nxd4 e5 5. Nb5 d6 6. N1c3 a6 7. Na3 b5 8. Nd5 Nce7 9. Nxe7 Nxe7 10. c4 f5 11. cxb5 fxe4 12. bxa6 d5 13. Bb5+ Kf7 14. f4 Nf5 15. Bc6 Qh4+ 16. g3 Nxg3 17. Bxd5+ 1/2-1/2

[Event "Stillwater Winter op"]
[Site "Oklahoma"]
[Date "2008.02.17"]
[Round "5"]
[White "Donaldson, John W"]
[Black "Movsisyan, Movses"]
[Result "1/2-1/2"]
[WhiteElo "2420"]
[BlackElo "2247"]
[PlyCount "55"]
[EventDate "2008.02.16"]
[EventType "swiss"]
[EventRounds "7"]
[EventCountry "USA"]
[SourceTitle "CBM 122 Extra"]
[Source "ChessBase"]
[SourceDate "2008.03.04"]
[SourceVersion "1"]
[SourceVersionDate "2008.03.04"]
[SourceQuality "1"]

1. Nf3 Nf6 2. c4 g6 3. g3 c5 4. Nc3 Nc6 5. Bg2 Bg7 6. d4 cxd4 7. Nxd4 0-0 8. 0-0 Nxd4 9. Qxd4 d6 10. Qd3 a6 11. Bd2 Bf5 12. e4 Be6 13. b3 Nd7 14. Rac1 b5 15. Nd5 Ne5 16. Qe2 bxc4 17. bxc4 Rb8 18. Bc3 Qd7 19. c5 dxc5 20. Qxa6 Ra8 21. Qe2 Qa7 22. Rfd1 Bg4 23. f3 c4+ 24. Qe3 Qxe3+ 25. Nxe3 Nxf3+ 26. Kh1 Bxc3 27. Rxc3 Ne5 28. Rd5 1/2-1/2

[Event "Stillwater Winter op"]
[Site "Oklahoma"]
[Date "2008.02.17"]
[Round "4"]
[White "Movsisyan, Movses"]
[Black "Nugent, Michael A"]
[Result "1/2-1/2"]
[WhiteElo "2247"]
[BlackElo "1915"]
[PlyCount "61"]
[EventDate "2008.02.16"]
[EventType "swiss"]
[EventRounds "7"]
[EventCountry "USA"]
[SourceTitle "CBM 122 Extra"]
[Source "ChessBase"]
[SourceDate "2008.03.04"]
[SourceVersion "1"]
[SourceVersionDate "2008.03.04"]
[SourceQuality "1"]

1. e4 c5 2. Nf3 d6 3. d4 cxd4 4. Nxd4 Nf6 5. Nc3 a6 6. h3 e5 7. Nde2 Nbd7 8. g4 b5 9. Ng3 b4 10. Nd5 Nxd5 11. exd5 g6 12. h4 Nb6 13. Bg2 Bb7 14. a3 a5 15. Qd3 Ba6 16. Qe4 Bc4 17. Bg5 f6 18. Be3 Bxd5 19. Bxb6 Bxe4 20. Bxd8 Bxg2 21. Bxf6 Bxh1 22. Bxh8 Bf3 23. axb4 axb4 24. Rxa8+ Bxa8 25. Bf6 Bf3 26. g5 Kd7 27. Kd2 Ke6 28. Bd8 d5 29. Bb6 Bd6 30. c3 bxc3+ 31. bxc3 1/2-1/2

[Event "Stillwater Winter op"]
[Site "Oklahoma"]
[Date "2008.02.16"]
[Round "2"]
[White "Lee, Marvin"]
[Black "Movsisyan, Movses"]
[Result "0-1"]
[WhiteElo "1922"]
[BlackElo "2247"]
[PlyCount "40"]
[EventDate "2008.02.16"]
[EventType "swiss"]
[EventRounds "7"]
[EventCountry "USA"]
[SourceTitle "CBM 122 Extra"]
[Source "ChessBase"]
[SourceDate "2008.03.04"]
[SourceVersion "1"]
[SourceVersionDate "2008.03.04"]
[SourceQuality "1"]

1. e4 c5 2. Nf3 Nc6 3. d4 cxd4 4. Nxd4 g6 5. Nc3 Bg7 6. Be3 Nf6 7. Bc4 0-0 8. f3 Qb6 9. Nf5 Qxb2 10. Bd2 gxf5 11. Rb1 Qa3 12. exf5 Qc5 13. Bd3 Nb4 14. Be2 Ng4 15. Ne4 Nxc2+ 16. Kf1 Nge3+ 17. Kg1 Qd4 18. Qc1 Nc4+ 19. Kf1 Nxd2+ 20. Nxd2 Ne3+ 0-1

[Event "North American op 26th"]
[Site "Stillwater"]
[Date "2007.09.02"]
[Round "7"]
[White "Plunkett, Robert"]
[Black "Movsisyan, Movses"]
[Result "1/2-1/2"]
[WhiteElo "2090"]
[BlackElo "2257"]
[PlyCount "45"]
[EventDate "2007.08.31"]
[EventType "swiss"]
[EventRounds "10"]
[EventCountry "USA"]
[SourceTitle "CBM 120 Extra"]
[Source "ChessBase"]
[SourceDate "2007.11.01"]
[SourceVersion "1"]
[SourceVersionDate "2007.11.01"]
[SourceQuality "1"]

1. e4 e6 2. d4 d5 3. Nc3 Bb4 4. e5 c5 5. a3 Bxc3+ 6. bxc3 Nc6 7. Nf3 Nge7 8. a4 Qa5 9. Qd2 Bd7 10. Bd3 f6 11. 0-0 fxe5 12. dxe5 c4 13. Be2 0-0 14. Bxc4 Qc7 15. Be2 Nxe5 16. Nxe5 Qxe5 17. Ba3 Rf7 18. Bc5 Nf5 19. a5 Qc7 20. Bb4 Bc6 21. f4 Nd6 22. Bd3 Ne4 23. Bxe4 1/2-1/2

[Event "North American op 26th"]
[Site "Stillwater"]
[Date "2007.09.01"]
[Round "4"]
[White "Movsisyan, Movses"]
[Black "Yang, Darwin"]
[Result "1-0"]
[WhiteElo "2257"]
[BlackElo "2149"]
[PlyCount "73"]
[EventDate "2007.08.31"]
[EventType "swiss"]
[EventRounds "10"]
[EventCountry "USA"]
[SourceTitle "CBM 120 Extra"]
[Source "ChessBase"]
[SourceDate "2007.11.01"]
[SourceVersion "1"]
[SourceVersionDate "2007.11.01"]
[SourceQuality "1"]

1. e4 c5 2. Nf3 d6 3. d4 cxd4 4. Nxd4 Nf6 5. Nc3 a6 6. h3 e5 7. Nde2 Be6 8. g4 b5 9. Ng3 Nc6 10. g5 Nd7 11. Be3 Nb6 12. Bxb6 Qxb6 13. a4 b4 14. Nd5 Bxd5 15. Qxd5 Qc5 16. Bc4 Qxd5 17. Bxd5 Rc8 18. 0-0-0 Nd4 19. Kb1 g6 20. Bb7 Rc5 21. Bxa6 Nxc2 22. Ne2 Ke7 23. Rd2 b3 24. Rhd1 Ke6 25. Bb5 h6 26. gxh6 Rxh6 27. Rd3 f5 28. Rxb3 fxe4 29. Rc3 Rxc3 30. Nxc3 Nd4 31. Bc4+ Kf5 32. Bd5 Rxh3 33. a5 Ne6 34. a6 Nc7 35. Bxe4+ Ke6 36. a7 Rh8 37. Nb5 1-0

[Event "North American op 26th"]
[Site "Stillwater"]
[Date "2007.08.31"]
[Round "2"]
[White "Movsisyan, Movses"]
[Black "Root, Alexey"]
[Result "1-0"]
[WhiteElo "2257"]
[BlackElo "2035"]
[PlyCount "63"]
[EventDate "2007.08.31"]
[EventType "swiss"]
[EventRounds "10"]
[EventCountry "USA"]
[SourceTitle "CBM 120 Extra"]
[Source "ChessBase"]
[SourceDate "2007.11.01"]
[SourceVersion "1"]
[SourceVersionDate "2007.11.01"]
[SourceQuality "1"]

1. e4 e6 2. d4 d5 3. Nc3 dxe4 4. Nxe4 Bd7 5. Nf3 Bc6 6. Bd3 Nd7 7. Qe2 Ngf6 8. Bg5 Be7 9. h4 Nxe4 10. Bxe4 Bxe4 11. Qxe4 c6 12. 0-0-0 h6 13. Bf4 Nf6 14. Qe2 Nd5 15. Be5 Bf6 16. Kb1 Qb6 17. Qd2 0-0-0 18. c4 Ne7 19. Bxf6 gxf6 20. Qf4 f5 21. h5 Qc7 22. Qe3 f4 23. Qe4 Rdg8 24. Ne5 f5 25. Qf3 Rh7 26. Rhe1 Rhg7 27. Nd3 Rxg2 28. Nxf4 R2g4 29. Nxe6 Qh2 30. Nc5 R8g7 31. Rxe7 Rxe7 32. Qxf5+ 1-0

[Event "Tulsa Okie Masters"]
[Site "Tulsa"]
[Date "2007.05.27"]
[Round "5"]
[White "Luther, Ronald G"]
[Black "Movsisyan, Movses"]
[Result "0-1"]
[WhiteElo "2175"]
[BlackElo "2280"]
[PlyCount "104"]
[EventDate "2007.05.26"]
[EventType "tourn"]
[EventRounds "7"]
[EventCountry "USA"]
[SourceTitle "CBM 118 Extra"]
[Source "ChessBase"]
[SourceDate "2007.07.04"]
[SourceVersion "1"]
[SourceVersionDate "2007.07.04"]
[SourceQuality "1"]

1. e4 e6 2. d4 d5 3. Nc3 Bb4 4. e5 Qd7 5. Bd2 b6 6. Nce2 Bxd2+ 7. Qxd2 Ba6 8. h4 c5 9. c3 Nc6 10. h5 f6 11. f4 Nh6 12. Nf3 Nf5 13. Rh3 cxd4 14. cxd4 Qe7 15. g4 Nh6 16. Rg3 Qb4 17. Qxb4 Nxb4 18. Kd2 Bxe2 19. Bxe2 Rc8 20. a3 Nc6 21. b4 0-0 22. Ba6 Rc7 23. Rc1 Rff7 24. exf6 gxf6 25. Rgg1 Nb8 26. Bc8 Rxc1 27. Rxc1 Re7 28. g5 Ng4 29. Re1 Kf7 30. g6+ hxg6 31. hxg6+ Kxg6 32. Bxe6 Nf2 33. f5+ Kh5 34. Ke3 Nh3 35. Rc1 Na6 36. Rc8 Nc7 37. Rh8+ Kg4 38. Ne5+ fxe5 39. f6+ Rxe6 40. f7 exd4+ 41. Kd2 Rf6 42. f8Q Rxf8 43. Rxf8 Nf4 44. Rf7 Nb5 45. a4 Na3 46. Rxa7 Nc4+ 47. Kd1 d3 48. a5 bxa5 49. bxa5 Ne2 50. Rg7+ Kf5 51. Rf7+ Ke4 52. Re7+ Kd4 0-1

[Event "USA-ch"]
[Site "Stillwater"]
[Date "2007.05.22"]
[Round "8"]
[White "Burnett, Ronald"]
[Black "Movsisyan, Movses"]
[Result "1-0"]
[WhiteElo "2376"]
[BlackElo "2280"]
[PlyCount "71"]
[EventDate "2007.05.15"]
[EventType "swiss"]
[EventRounds "9"]
[EventCountry "USA"]
[SourceTitle "CBM 118"]
[Source "ChessBase"]
[SourceDate "2007.05.31"]
[SourceVersion "1"]
[SourceVersionDate "2007.05.31"]
[SourceQuality "1"]

1. Nf3 Nf6 2. c4 g6 3. Nc3 d5 4. Qa4+ Bd7 5. Qb3 dxc4 6. Qxc4 Bg7 7. e4 0-0 8. e5 Be6 9. exf6 Bxc4 10. fxg7 Kxg7 11. Bxc4 Nc6 12. 0-0 e5 13. b3 f6 14. Bb2 Re8 15. Rfe1 Nd4 16. Nxd4 Qxd4 17. Rad1 c5 18. Ba1 Qd6 19. Ne4 Qc6 20. f4 b5 21. Bf1 Rad8 22. fxe5 fxe5 23. g3 Rd4 24. Bg2 c4 25. Nf6 Qxf6 26. Bxd4 exd4 27. Rxe8 d3 28. bxc4 bxc4 29. Re4 Qb6+ 30. Kh1 Qa6 31. a3 Qa4 32. Bf3 a5 33. Rc1 Qxa3 34. Rexc4 Qa2 35. Rc7+ Kh6 36. h4 1-0

[Event "USA-ch"]
[Site "Stillwater"]
[Date "2007.05.20"]
[Round "6"]
[White "Airapetian, Chouchanik"]
[Black "Movsisyan, Movses"]
[Result "0-1"]
[WhiteElo "2180"]
[BlackElo "2280"]
[PlyCount "130"]
[EventDate "2007.05.15"]
[EventType "swiss"]
[EventRounds "9"]
[EventCountry "USA"]
[SourceTitle "CBM 118"]
[Source "ChessBase"]
[SourceDate "2007.05.31"]
[SourceVersion "1"]
[SourceVersionDate "2007.05.31"]
[SourceQuality "1"]

1. e4 c5 2. Nf3 g6 3. d4 Bg7 4. Nc3 cxd4 5. Nxd4 Nc6 6. Nb3 Nf6 7. Be3 0-0 8. Be2 d6 9. f4 Be6 10. 0-0 Qc8 11. Kh1 Rd8 12. Nd4 Nxd4 13. Bxd4 Bc4 14. Bd3 d5 15. e5 Ne4 16. Qe2 Nxc3 17. Bxc3 e6 18. Bd4 Qc6 19. g4 Re8 20. b3 Bxd3 21. Qxd3 b5 22. c3 a5 23. a3 Rac8 24. b4 a4 25. Rae1 Qc4 26. Qb1 Qc7 27. Re2 Qe7 28. Qd3 Rc4 29. f5 Qh4 30. Qf3 Rc7 31. Bf2 Qg5 32. h4 Qd8 33. f6 Bf8 34. g5 Qc8 35. Bd4 h5 36. gxh6 Bxh6 37. Rg2 Kh8 38. Qd3 Rg8 39. Qxb5 Rxc3 40. Bxc3 Qxc3 41. Qe2 Be3 42. Qb2 Qc4 43. Rf3 Qe4 44. Qe2 d4 45. b5 Rc8 46. b6 Rc1+ 47. Kh2 Qxe5+ 48. Rfg3 Rb1 49. h5 Bf4 50. Qxe5 Bxe5 51. hxg6 fxg6 52. Kh3 Bxg3 53. Rxg3 Kg8 54. Rxg6+ Kf7 55. Rg7+ Kxf6 56. Rd7 e5 57. Kg4 Ke6 58. Rd8 Rxb6 59. Ra8 Kd5 60. Rxa4 Ke4 61. Ra8 Rg6+ 62. Kh3 Rd6 63. Rb8 d3 64. Rb1 d2 65. Rd1 Kf3 0-1

[Event "USA-ch"]
[Site "Stillwater"]
[Date "2007.05.17"]
[Round "3"]
[White "Zenyuk, Iryna"]
[Black "Movsisyan, Movses"]
[Result "1-0"]
[WhiteElo "2177"]
[BlackElo "2280"]
[PlyCount "67"]
[EventDate "2007.05.15"]
[EventType "swiss"]
[EventRounds "9"]
[EventCountry "USA"]
[SourceTitle "CBM 118"]
[Source "ChessBase"]
[SourceDate "2007.05.31"]
[SourceVersion "1"]
[SourceVersionDate "2007.05.31"]
[SourceQuality "1"]

1. d4 Nf6 2. Nf3 g6 3. c4 Bg7 4. Nc3 d5 5. cxd5 Nxd5 6. e4 Nxc3 7. bxc3 c5 8. Rb1 0-0 9. Be2 Nc6 10. d5 Ne5 11. Nxe5 Bxe5 12. Qd2 b6 13. 0-0 e6 14. f4 Bg7 15. Bc4 Bb7 16. f5 exf5 17. exf5 Qd6 18. Qd3 Be5 19. g3 Rfd8 20. Bg5 Rd7 21. Rbd1 Rc8 22. Bf4 Bxf4 23. Rxf4 Rcd8 24. fxg6 hxg6 25. Qf3 Qe5 26. Re4 Qb8 27. Rf1 Qd6 28. Rh4 Bxd5 29. Bxd5 Qxd5 30. Qf6 Qh5 31. Rxh5 gxh5 32. Qg5+ Kf8 33. Qh6+ Kg8 34. Rf5 1-0

[Event "Stillwater Winter op"]
[Site "Stillwater"]
[Date "2007.02.18"]
[Round "4"]
[White "Movsisyan, Movses"]
[Black "Charbonneau, Pascal"]
[Result "1/2-1/2"]
[WhiteElo "2280"]
[BlackElo "2500"]
[PlyCount "79"]
[EventDate "2007.02.17"]
[EventType "swiss"]
[EventRounds "7"]
[EventCountry "USA"]
[SourceTitle "CBM 116 Extra"]
[Source "ChessBase"]
[SourceDate "2007.03.07"]
[SourceVersion "1"]
[SourceVersionDate "2007.03.07"]
[SourceQuality "1"]

1. e4 c5 2. Nf3 d6 3. d4 cxd4 4. Nxd4 Nf6 5. Nc3 Nc6 6. Bc4 Bd7 7. Bb3 g6 8. f3 Nxd4 9. Qxd4 Bg7 10. Be3 0-0 11. Qd2 b5 12. Bh6 a5 13. a4 bxa4 14. Nxa4 Bxh6 15. Qxh6 Rb8 16. h4 Be6 17. Bxe6 fxe6 18. h5 gxh5 19. e5 dxe5 20. Qg5+ Kh8 21. Qxe5 Rg8 22. Rd1 Qe8 23. Nc5 Rb5 24. c4 Qb8 25. Qxb8 Rbxb8 26. Rd2 Rgc8 27. Nxe6 Rxc4 28. 0-0 Rcb4 29. Ra1 Rxb2 30. Rxb2 Rxb2 31. Rxa5 Kg8 32. Rg5+ Kf7 33. Nf4 h4 34. Kh2 Rb4 35. Nh5 h6 36. Ra5 Nh7 37. f4 Rb3 38. Ra6 e6 39. f5 exf5 40. Rxh6 1/2-1/2

[Event "Stillwater op 26th"]
[Site "Stillwater"]
[Date "2006.11.04"]
[Round "3"]
[White "Coleman, Maxx W"]
[Black "Movsisyan, Movses"]
[Result "1/2-1/2"]
[WhiteElo "2182"]
[BlackElo "2275"]
[PlyCount "40"]
[EventDate "2006.11.04"]
[EventType "swiss"]
[EventRounds "5"]
[EventCountry "USA"]
[SourceTitle "EXT 2007"]
[Source "ChessBase"]
[SourceDate "2006.11.23"]
[SourceVersion "1"]
[SourceVersionDate "2006.11.23"]
[SourceQuality "1"]

1. e4 c5 2. Nf3 Nc6 3. d4 cxd4 4. Nxd4 g6 5. c4 Bg7 6. Be3 Nf6 7. Nc3 Ng4 8. Qxg4 Nxd4 9. Qd1 Ne6 10. Qd2 Qa5 11. Rc1 d6 12. a3 Bd7 13. Be2 Bc6 14. f3 g5 15. 0-0 Be5 16. b4 Qxa3 17. b5 Bd7 18. Nd5 Rg8 19. Kh1 Rc8 20. g3 Bh8 1/2-1/2

[Event "Stillwater op 26th"]
[Site "Stillwater"]
[Date "2006.11.04"]
[Round "1"]
[White "Dennison, Bert G"]
[Black "Movsisyan, Movses"]
[Result "0-1"]
[WhiteElo "2029"]
[BlackElo "2275"]
[PlyCount "78"]
[EventDate "2006.11.04"]
[EventType "swiss"]
[EventRounds "5"]
[EventCountry "USA"]
[SourceTitle "EXT 2007"]
[Source "ChessBase"]
[SourceDate "2006.11.23"]
[SourceVersion "1"]
[SourceVersionDate "2006.11.23"]
[SourceQuality "1"]

1. Nc3 d5 2. e4 dxe4 3. Nxe4 Bf5 4. Ng3 Bg6 5. Nf3 Nf6 6. d4 e6 7. c3 c5 8. Bb5+ Nbd7 9. 0-0 a6 10. Ba4 b5 11. Bb3 c4 12. Bc2 Bd6 13. Bg5 Qc7 14. Re1 Bxc2 15. Qxc2 h6 16. Bd2 Bxg3 17. hxg3 Nd5 18. Ne5 Nxe5 19. Rxe5 0-0 20. Rae1 Nf6 21. Bf4 Qa5 22. a4 Nd5 23. Bxh6 gxh6 24. Rxe6 Kg7 25. R6e5 Nf6 26. axb5 axb5 27. Qd2 Rae8 28. Qf4 Rxe5 29. dxe5 Nh7 30. Qg4+ Kh8 31. e6 fxe6 32. Qd4+ Nf6 33. Rxe6 Kg7 34. Re7+ Rf7 35. Re5 Qa1+ 36. Kh2 Qxb2 37. g4 Qxf2 38. Re3 Qxe3 39. Qxe3 Nxg4+ 0-1